| 000 | 00493nam a2200169Ia 4500 | ||
|---|---|---|---|
| 003 | LDD | ||
| 008 | 190117s9999 xx 000 0 und d | ||
| 020 |
_a8170551781 _c₹95 |
||
| 040 | _cLDD | ||
| 041 | _ahi | ||
| 082 | _a8H4.7 आ2614 मे | ||
| 100 | _aआजाद, भगवत झा | ||
| 245 | 0 |
_aमेरी भाव यात्रा _cभगवत झा आजाद |
|
| 260 |
_aनई दिल्ली _bवाणी _c1989 |
||
| 300 | _a184प्र. | ||
| 942 |
_2ddc _cH |
||
| 999 |
_c154843 _d154843 |
||